000 00593 a2200217 4500
003 43684
005 20251003205431.0
008 251003b |||||||| |||| 00| 0 eng d
022 _224889970
040 _cNile University of Nigeria. Abuja
_erda
050 _aK 60 A3
082 _aK 60 A3
245 _aJOURNAL OF PUBLIC AND INTERNATIONAL LAW {ABUJPIL}
250 _aVol.8,march ,2018
260 _aAbuja
_bClear Resolution
_c2018
264 _aAbuja
_bClear Resolution
_c2018
300 _bvi, 257pg,., 30 cm.
336 _2rdacontent
338 _2rdacarrier
942 _2lcc
_cSERIAL
999 _c43664
_d43664